|
|
|
|
| LEADER |
00000cam a2200000 7i4500 |
| 001 |
0000007456 |
| 005 |
20151222.0 |
| 008 |
070903 |
| 020 |
|
|
|a 9830573230
|
| 090 |
0 |
0 |
|a JF
|b MAL
|
| 100 |
0 |
|
|a Mohd.Hadi
|
| 245 |
1 |
0 |
|a Makhluk asing di pantai
|c Mohd.Hadi
|
| 260 |
|
|
|a Kuala Lumpur :
|b Goodmark Enterprise ,
|c 2004
|
| 440 |
|
|
|a Siri sains fiksyen cayterion
|
| 500 |
|
|
|a Children ages 10-12 years old (pink)
|
| 650 |
|
0 |
|a Malay fiction
|
| 650 |
|
0 |
|a Science fiction,Malay
|
| 999 |
|
|
|a 0000014859
|b Book
|c Children Collection
|e Cawangan Taman Universiti
|
| 999 |
|
|
|a 0000014860
|b Book
|c Children Collection
|e Cawangan Taman Universiti
|
| 999 |
|
|
|a 0000014861
|b Book
|c Children Collection
|e Cawangan Taman Universiti
|
| 999 |
|
|
|a 0000014862
|b Book
|c Children Collection
|e Cawangan Taman Universiti
|
| 999 |
|
|
|a 0000859709
|b Book
|c Children Collection
|e Cawangan Mersing
|
| 999 |
|
|
|a 0000859712
|b Book
|c Children Collection
|e Cawangan Tmn. Ungku Tun Aminah
|
| 999 |
|
|
|a 0000984295
|b Book
|c Children Collection
|e Cawangan Mersing
|
| 999 |
|
|
|a 0001145199
|b Book
|c Children Collection
|e Cawangan Tmn. Ungku Tun Aminah
|
| 999 |
|
|
|a 0001145200
|b Book
|c Children Collection
|e Cawangan Bukit Gambir
|
| 999 |
|
|
|a 0001145201
|b Book
|c Children Collection
|e Cawangan Tangkak
|
| 999 |
|
|
|a 0001145202
|b Book
|c Teenagers
|e Cawangan Bandar Tenggara
|
| 999 |
|
|
|a 000911517
|b Book
|c Teenagers
|e Cawangan Bandar Tenggara
|